Sungai & pembangunan tebingan sungai bandar Malaysia

Bibliographic Details
Other Authors: Sulong Mohamad
Format: Book
Published: Bangi, Selangor : Penerbit Universiti Kebangsaan Malaysia , 2005
Series:Siri geografi & pembangunan
Subjects:

MARC

LEADER 00000cam a2200000 7i4500
001 0000003479
005 20060403.0
020 0 0 |a 9679427420 
090 0 0 |a 333.916209595   |b SUN 
245 1 0 |a Sungai & pembangunan tebingan sungai bandar Malaysia   |c Sulong Mohamad ... [et al.] 
260 0 0 |a Bangi, Selangor :   |b Penerbit Universiti Kebangsaan Malaysia ,   |c 2005 
300 |a 190ms. :   |b il. ;   |c 23cm. 
440 0 0 |a Siri geografi & pembangunan 
650 0 0 |a Rivers   |z Malaysia 
650 0 0 |a Urbanization   |z Malaysia 
700 1 1 |a Sulong Mohamad 
999 |a 0000006780   |b Monograph   |c Open Shelf   |e Default branch